| 000 | 00907cam6a220026500 4500 | ||
|---|---|---|---|
| 001 | qce00152196 | ||
| 005 | 20190830110910.0 | ||
| 008 | 780601s1977 enka 001 0 eng d | ||
| 020 | _a0702006513 | ||
| 035 | _a(Sirsi) r26858 | ||
| 035 | _a(QCAT)lss01981785 | ||
| 035 | _a(UPRA)qce00152196 | ||
| 040 | _dUPRA | ||
| 060 | _aWC 536 C836v 1977 | ||
| 100 | 1 |
_aCossart, Yvonne E. _6A90697.1 |
|
| 245 | 1 | 0 |
_aVirus hepatitis and its control / _cYvonne E. Cossart. |
| 260 |
_aLondon : _bBailliere Tindall, _cc1977. |
||
| 504 | _aIncludes bibliographical references. | ||
| 650 | 0 |
_aHepatitis A. _6S36808.1 |
|
| 650 | 2 |
_aHepatitis Viruses _6S64984.1 |
|
| 650 | 2 |
_aHepatitis, Viral, Human -- prevention and control _xHepatitis, Viral, Human -- prevention and control _6S64985.1 |
|
| 949 |
_aRC848 _wlcc _i-27873 _mMAIN _tBOOK _lON-SHELF |
||
| 949 |
_aRC848 _wlcc _i-27874 _mMAIN _tBOOK _lON-SHELF |
||
| 004 | 26858 | ||
| 999 |
_c188690 _d188690 |
||